zpět

Detail výsledku týmu

Bounty Rock Cafe, Olomouc

Datum a čas kvízu

35 Celkem bodů Celkový počet nahraných bodů na tomto kvízu bez doplňovacích otázek.
3. Pořadí na kvízu Konečné umístění týmu na tomto kvízu.

Zaznamenané odpovědi

# Otázka Odpověď Body Výsledky
1. Klub českých turistů vyvěsil m... 0
2. Po kterém ruském umělci je poj... 1
3. V Praze byla minulý týden po s... 1
4. Bývalý ministr obrany Jaroslav... 1
5. Jak se jmenuje záložník, jenž... 1
6. V různých seriálech se objevil... 1
7. Napište jména herců, kteří ztv... 1
8. Walter White a Jesse Pinkman.... 0
9. Excentrický sedmdesátiletý věd... 1
10. A nakonec dvojice z českých ve... 1